Introducción a la mecánica de los sólidos

Αποθηκεύτηκε σε:
Λεπτομέρειες βιβλιογραφικής εγγραφής
Κύριος συγγραφέας: Shames, Irving Herman (Συγγραφέας)
Μορφή: Βιβλίο
Γλώσσα:Ισπανικά
Έκδοση: Englewood Cliffs Prentice-Hall 1979
Θέματα:
Ετικέτες: Προσθήκη ετικέτας
Δεν υπάρχουν, Καταχωρήστε ετικέτα πρώτοι!

MARC

LEADER 00000nam a2200000 a 4500
001 UCV5543
003 CL-VaPUC
008 900117e19790000US |||||||||||||||||spa|d
082 0 4 |a 620.105  |b SHA  |2 21 
100 0 |a Shames, Irving Herman  |e author  |9 299858 
245 1 0 |a Introducción a la mecánica de los sólidos 
300 |a 504 p 
942 |c BK 
945 |d 19900117 00:00:00 
260 |a Englewood Cliffs  |b Prentice-Hall  |c 1979 
650 0 |a Mecánica aplicada  |9 260187 
650 0 |a Resistencia de materiales  |9 260095 
583 |a last modification  |c 20120516 11:14:43  |k Rodrigo Vera 
999 |c 212030  |d 212028 
952 |0 0  |1 0  |4 0  |6 620_105000000000000_SHA_1979  |7 0  |8 A  |9 192318  |a BIBING  |b BIBING  |d 2019-11-14  |i 2597438  |o 620.105 SHA 1979  |p 2597438  |r 2023-03-02  |w 2019-11-14  |y BK  |k CCI 
952 |0 0  |1 0  |4 0  |6 620_105000000000000_SHA_1979  |7 0  |8 A  |9 192320  |a BIBING  |b BIBING  |d 2019-11-14  |i 2597454  |o 620.105 SHA 1979  |p 2597454  |r 2023-03-02  |w 2019-11-14  |y BK  |k EII 
952 |0 0  |1 0  |4 0  |6 620_105000000000000_SHA_1979  |7 0  |8 A  |9 192321  |a BIBING  |b BIBING  |d 2019-11-14  |i 1665804  |o 620.105 SHA 1979  |p 1665804  |r 2023-03-02  |w 2019-11-14  |y BK  |k EII 
952 |0 0  |1 0  |4 0  |6 620_105000000000000_SHA_1979  |7 0  |8 A  |9 192322  |a BIBING  |b BIBING  |d 2019-11-14  |i 1665979  |o 620.105 SHA 1979  |p 1665979  |r 2023-03-02  |w 2019-11-14  |y BK  |k EII